Normal view
MARC view
- MS Thesis Transpiration Engineering
Entry Topical Term
001 - CONTROL NUMBER
- control field: 29272
003 - CONTROL NUMBER IDENTIFIER
- control field: NUST
005 - DATE AND TIME OF LATEST TRANSACTION
- control field: 20200805140304.0
008 - FIXED-LENGTH DATA ELEMENTS
- fixed length control field: 200805|| aca||aabn | a|a d
040 ## - CATALOGING SOURCE
- Original cataloging agency: NUST
- Transcribing agency: NUST
150 ## - HEADING--TOPICAL TERM
- Topical term or geographic name entry element: MS Thesis Transpiration Engineering
670 ## - SOURCE DATA FOUND
- Source citation: Work cat.: (NUST): Ali, Yousaf 29271, Performance evaluation of bakelite as an additive in hot mix asphalt mixes /, 2014.
